The savage truth : lessons in leadership, business and life from 40 years in recruitment /

Bibliographic Details
Main Author: Savage, Greg, (Author)
Format: eBook
Language:English
Published: Highett, Victoria : Major Street Publishing, [2020]
Subjects:
Online Access:Click to View
LEADER 01595nam a2200385 i 4500
001 EBC6177028
003 MiAaPQ
005 20200819035631.0
006 m o d |
007 cr cnu||||||||
008 200819s2020 vra o 001 0 eng d
020 |z 9780648515975 
020 |a 9780648515982 (e-book) 
035 |a (MiAaPQ)EBC6177028 
035 |a (Au-PeEL)EBL6177028 
035 |a (OCoLC)1152052493 
040 |a MiAaPQ  |b eng  |e rda  |e pn  |c MiAaPQ  |d MiAaPQ 
050 4 |a HD57.7  |b .S283 2020 
082 0 |a 658.4092  |2 23 
100 1 |a Savage, Greg,  |e author. 
245 1 4 |a The savage truth :  |b lessons in leadership, business and life from 40 years in recruitment /  |c Greg Savage. 
264 1 |a Highett, Victoria :  |b Major Street Publishing,  |c [2020] 
264 4 |c 2020 
300 |a 1 online resource (xiv, 305 pages) 
336 |a text  |b txt  |2 rdacontent 
337 |a computer  |b c  |2 rdamedia 
338 |a online resource  |b cr  |2 rdacarrier 
500 |a Includes index. 
588 |a Description based on print version record. 
590 |a Electronic reproduction. Ann Arbor, MI : ProQuest, 2018. Available via World Wide Web. Access may be limited to ProQuest affiliated libraries. 
650 0 |a Leadership. 
655 4 |a Electronic books. 
776 0 8 |i Print version:  |a Savage, Greg.  |t Savage truth : lessons in leadership, business and life from 40 years in recruitment.  |d Highett, Victoria : Major Street Publishing, c2020   |h xiv, 305 pages   |z 9780648515975 
797 2 |a ProQuest (Firm) 
856 4 0 |u https://ebookcentral.proquest.com/lib/matrademy/detail.action?docID=6177028  |z Click to View